| 000 | 00820nam a22002177a 4500 | ||
|---|---|---|---|
| 999 |
_c5816 _d5816 |
||
| 003 | AR-CdUCM | ||
| 008 | 190313b ||||| |||| 00| 0 spa d | ||
| 040 |
_aMUNICIPALIDAD PROVINCIAL DEL CUSCO _cBIBLIOTECA MUNICIPAL DEL CUSCO |
||
| 082 |
_a335.40 / _bS55 |
||
| 100 |
_aSilva, Lautaro _916980 |
||
| 245 | _aLa herida roja de América / | ||
| 260 |
_aTrujillo : _bHandicap, _c1959. |
||
| 300 |
_a529 paginas ; _c23 cm. |
||
| 500 | _aDonación de la familia Nieto | ||
| 505 | _aContenido : Generalidades del comunismo en América -- Orígenes de la internacional comunista -- Orígenes del partido comunista Chilena ... | ||
| 650 |
_aSocialismo Americano _917233 |
||
| 650 |
_aHistoria del pensamiento socialista en America _917234 |
||
| 650 |
_aEl comunismo en América _917235 |
||
| 942 |
_2ddc _cLIBROS |
||
| 945 | _arah | ||